[Event "Euro Online U2300 Day 1"]
[Site "chess.com INT"]
[Date "2020.05.25"]
[Round "1"]
[White "Petricek, Lukas"]
[Black "Spitzl, Vinzent"]
[Result "1/2-1/2"]
[BlackTitle "FM"]
[WhiteElo "2096"]
[BlackElo "2346"]
[WhiteFideId "23703318"]
[BlackFideId "12901253"]
[EventDate "2020.05.25"]

1. e4 c5 2. c3 d5 3. exd5 Qxd5 4. d4 Nf6 5. Nf3 Bg4 6. Be2 e6 7. h3 Bh5 8. O-O
Be7 9. Be3 cxd4 10. cxd4 Nc6 11. Nc3 Qd6 12. Qb3 O-O 13. Rfd1 Rfd8 1/2-1/2

[Event "Euro Online U2300 Day 1"]
[Site "chess.com INT"]
[Date "2020.05.25"]
[Round "1"]
[White "Hechl, Gerald"]
[Black "Ivic, Velimir"]
[Result "0-1"]
[WhiteTitle "FM"]
[BlackTitle "GM"]
[WhiteElo "2333"]
[BlackElo "2548"]
[WhiteFideId "1605674"]
[BlackFideId "950122"]
[EventDate "2020.05.25"]

1. d4 Nf6 2. Bg5 e6 3. e4 h6 4. Bxf6 Qxf6 5. c3 d6 6. Bd3 g6 7. Ne2 Bg7 8. O-O
e5 9. f4 Qe7 10. dxe5 dxe5 11. f5 O-O 12. Bc4 Qc5+ 0-1

[Event "Euro Online U2300 Day 1"]
[Site "chess.com INT"]
[Date "2020.05.25"]
[Round "1"]
[White "Lederman, Leon"]
[Black "Grigoryan, Aram"]
[Result "0-1"]
[WhiteTitle "IM"]
[WhiteElo "2241"]
[BlackElo "1996"]
[WhiteFideId "2800403"]
[BlackFideId "13310542"]
[EventDate "2020.05.25"]

1. e4 e6 2. d4 d5 3. Nc3 Bb4 4. e5 c5 5. a3 Bxc3+ 6. bxc3 Ne7 7. Nf3 b6 8. a4 h6
9. a5 Ba6 10. axb6 axb6 11. Bb5+ Nec6 12. Qe2 Bxb5 13. Qxb5 Rxa1 14. Ke2 O-O 15.
dxc5 bxc5 16. Qxc5 Qa5 17. Qe3 Nd7 18. Rd1 Qb5+ 19. Rd3 Ndxe5 20. Nxe5 Nxe5 21.
Qxe5 Rxc1 22. Kd2 Qb1 23. Rg3 Qxc2+ 0-1

[Event "Euro Online U2300 Day 1"]
[Site "chess.com INT"]
[Date "2020.05.25"]
[Round "1"]
[White "Ioannidis, Evgenios"]
[Black "Gubarev, Vsevolod"]
[Result "1-0"]
[WhiteTitle "IM"]
[WhiteElo "2401"]
[BlackElo "2194"]
[WhiteFideId "4229274"]
[BlackFideId "4164660"]
[EventDate "2020.05.25"]

1. d4 Nf6 2. c4 c6 3. Nf3 d5 4. Nc3 dxc4 5. e4 b5 6. Be2 b4 7. Na4 Nxe4 8. Bxc4
Nd6 9. Bd3 e6 10. O-O Be7 11. Qe2 O-O 12. Bf4 h6 13. Rac1 Qa5 14. b3 Ba6 15.
Bxa6 Nxa6 16. Bxd6 Bxd6 17. Rxc6 1-0

[Event "Euro Online U2300 Day 1"]
[Site "chess.com INT"]
[Date "2020.05.25"]
[Round "1"]
[White "Ruzicka, Ales"]
[Black "Bykhovsky, Avigdor"]
[Result "0-1"]
[BlackTitle "GM"]
[WhiteElo "2108"]
[BlackElo "2405"]
[WhiteFideId "325252"]
[BlackFideId "4101057"]
[EventDate "2020.05.25"]

1. e4 e6 2. d4 d5 3. Nc3 Bb4 4. exd5 exd5 5. Bd3 Nf6 6. Ne2 O-O 7. Bg5 Bg4 8. f3
Bh5 9. Qd2 Bg6 10. O-O-O Bxd3 11. Qxd3 c6 12. g4 Nbd7 13. h4 Nb6 14. Ng3 h6 15.
Bxf6 Qxf6 16. Nh5 Qg6 17. Qf1 Bxc3 18. bxc3 Nc4 19. Qf2 Qd6 20. Rde1 Qa3+ 21.
Kd1 Qxc3 22. g5 Rfe8 23. Re5 Nxe5 24. dxe5 Rxe5 25. Rg1 Rae8 26. Nf6+ gxf6 27.
gxf6+ Kh8 28. Qg3 Qd4+ 29. Kc1 Qxg1+ 30. Qxg1 Re1+ 31. Kd2 Rxg1 0-1

[Event "Euro Online U2300 Day 1"]
[Site "chess.com INT"]
[Date "2020.05.25"]
[Round "1"]
[White "Stabulnieks, Klavs"]
[Black "Zverev, Lev"]
[Result "1-0"]
[BlackTitle "CM"]
[WhiteElo "2204"]
[BlackElo "2087"]
[WhiteFideId "11603984"]
[BlackFideId "24250775"]
[EventDate "2020.05.25"]

1. d4 Nf6 2. c4 e6 3. Nc3 Bb4 4. f3 c5 5. d5 O-O 6. e4 b5 7. Ne2 d6 8. Nf4 e5 9.
Ne2 Bxc3+ 10. bxc3 bxc4 11. Ng3 Nfd7 12. Be2 Nb6 13. O-O N8d7 14. Qe1 Re8 15.
Nf5 Nf8 16. Ne3 Ng6 17. g3 Ba6 18. a4 Ne7 19. a5 Nd7 20. Bxc4 Bxc4 21. Nxc4 Nf8
22. Rb1 f5 23. Bg5 h6 24. Bxe7 Qxe7 25. exf5 Rab8 26. Qe4 Rb5 27. Rxb5 1-0

[Event "Euro Online U2300 Day 1"]
[Site "chess.com INT"]
[Date "2020.05.25"]
[Round "1"]
[White "Vashchilov, Sergey"]
[Black "Vakhania, Aleksandra"]
[Result "1-0"]
[BlackTitle "WIM"]
[WhiteElo "2176"]
[BlackElo "2138"]
[WhiteFideId "13506676"]
[BlackFideId "13602560"]
[EventDate "2020.05.25"]

1. e4 d5 2. exd5 Qxd5 3. Nc3 Qd6 4. d4 Nf6 5. Nge2 c6 6. Bf4 Qd8 7. Qd3 g6 8.
Ng3 Bg7 9. O-O-O a5 10. Be2 a4 11. Bf3 a3 12. b3 Qa5 13. Rhe1 h5 14. Bd6 e6 15.
Nge4 Nd5 16. Na4 Na6 17. c4 Nab4 18. Qd2 Bh6 19. Re3 Nxa2+ 20. Qxa2 Bxe3+ 21.
fxe3 Nxe3 22. Qxa3 Nxd1 23. Nf6+ Kd8 24. Be7+ Kc7 25. Qd6# 1-0

[Event "Euro Online U2300 Day 1"]
[Site "chess.com INT"]
[Date "2020.05.25"]
[Round "1"]
[White "Baranow, Sergey"]
[Black "Skuhala, Barbara"]
[Result "1-0"]
[BlackTitle "WFM"]
[WhiteElo "2192"]
[BlackElo "2095"]
[WhiteFideId "24155055"]
[BlackFideId "14605465"]
[EventDate "2020.05.25"]

1. e4 c5 2. d4 cxd4 3. Nf3 Nc6 4. Bc4 e6 5. O-O d6 6. Qe2 Nf6 7. Rd1 Be7 8. c3
O-O 9. h3 d5 10. exd5 exd5 11. Bb5 dxc3 12. Nxc3 Re8 13. Qd3 Be6 14. Bf4 a6 15.
Ba4 b5 16. Bb3 Na5 17. Nxd5 Nxd5 18. Bxd5 Bxd5 19. Qxd5 Qxd5 20. Rxd5 Bf6 21.
Rb1 Red8 22. Rxd8+ Rxd8 23. Bc7 Nb7 24. Bxd8 Nxd8 25. b3 Kf8 26. Rc1 Ke7 27.
Rc7+ Kd6 28. Ra7 Kc5 29. Rxa6 Nc6 30. Ra8 Kd6 31. g4 h6 32. h4 Bb2 33. Kg2 b4
34. Nd2 Ne5 35. Nc4+ Nxc4 36. bxc4 Kc5 37. Rc8+ Kd4 38. Kf3 Bc1 39. Rc7 Bb2 40.
Ke2 Ke4 41. Rxf7 Kd4 42. Rc7 g6 43. c5 Kd5 44. c6 Kd6 45. Rb7 Kxc6 46. Rxb4 Ba1
47. a4 Kc5 48. Rb1 Bf6 49. h5 gxh5 50. gxh5 1-0

[Event "Euro Online U2300 Day 1"]
[Site "chess.com INT"]
[Date "2020.05.25"]
[Round "1"]
[White "Sevdimaliyev, Urfan"]
[Black "Ogloblin, Nikolay"]
[Result "1/2-1/2"]
[WhiteTitle "GM"]
[BlackTitle "IM"]
[WhiteElo "2369"]
[BlackElo "2346"]
[WhiteFideId "13402463"]
[BlackFideId "4139658"]
[EventDate "2020.05.25"]

1. e4 c5 2. Nf3 d6 3. d4 cxd4 4. Nxd4 Nf6 5. Nc3 Nc6 6. Bc4 Bd7 7. O-O g6 8.
Nxc6 Bxc6 9. Re1 Bg7 10. Nd5 O-O 11. Bg5 Bxd5 12. exd5 Rc8 13. Bb3 Rc7 14. c3
Qd7 15. Qe2 Qf5 16. Bxf6 Bxf6 17. Qe4 Qxe4 18. Rxe4 Rfc8 19. a4 Rc5 20. Kf1 Kf8
21. g3 b6 22. Ke2 h5 23. h4 Kg7 24. Kf1 Rh8 25. Rb4 Rhc8 26. Re4 Be5 27. Kg2 Bf6
28. Kf1 1/2-1/2

[Event "Euro Online U2300 Day 1"]
[Site "chess.com INT"]
[Date "2020.05.25"]
[Round "1"]
[White "Malyshev, Evgeny"]
[Black "Hansch, Karsten"]
[Result "1/2-1/2"]
[BlackTitle "FM"]
[WhiteElo "2102"]
[BlackElo "2300"]
[WhiteFideId "34165387"]
[BlackFideId "24692239"]
[EventDate "2020.05.25"]

1. d4 Nf6 2. Bg5 e6 3. Nd2 d5 4. e3 Be7 5. Bd3 O-O 6. f4 b6 7. Qe2 c5 8. c3 Nc6
9. Ngf3 Bb7 10. O-O h6 11. Bxf6 Bxf6 12. Ne5 Rc8 13. g4 Bxe5 14. fxe5 f6 15.
exf6 Rxf6 16. Rf3 Rxf3 17. Qxf3 Qf6 18. Rf1 Rf8 19. Qg3 Qe7 20. Nf3 c4 1/2-1/2

[Event "Euro Online U2300 Day 1"]
[Site "chess.com INT"]
[Date "2020.05.25"]
[Round "1"]
[White "Linnanen, Lassi"]
[Black "Bayramov, Zaur"]
[Result "0-1"]
[BlackTitle "FM"]
[WhiteElo "2185"]
[BlackElo "2357"]
[WhiteFideId "500976"]
[BlackFideId "13405080"]
[EventDate "2020.05.25"]

1. e4 g6 2. d4 Bg7 3. Nc3 d6 4. Nf3 Nc6 5. h3 Nf6 6. Be2 O-O 7. O-O e5 8. d5 Ne7
9. Nh2 Nd7 10. Bf3 f5 11. Bg5 h6 12. Bxe7 Qxe7 13. Nb5 Nf6 14. Nc3 f4 15. Na4 b5
16. Nc3 Rb8 17. a4 b4 18. Nb1 h5 19. Nd2 Qf7 20. Be2 g5 21. h4 g4 22. g3 Qg6 23.
Bd3 Bh6 24. Re1 Rf7 25. Nc4 Bd7 26. Na5 Rbf8 27. Nc6 Ne8 28. Nxa7 fxg3 29. fxg3
Rf2 30. Nc6 Bxc6 31. dxc6 Rd2 32. a5 Rxd1 33. Raxd1 Qf7 34. a6 Qf2+ 35. Kh1 Qxg3
36. a7 Rf2 0-1

[Event "Euro Online U2300 Day 1"]
[Site "chess.com INT"]
[Date "2020.05.25"]
[Round "1"]
[White "Tsybulkin, Ivan"]
[Black "Kudrytskyi, Stanislav"]
[Result "1-0"]
[WhiteElo "1814"]
[BlackElo "2057"]
[WhiteFideId "34165140"]
[BlackFideId "14133091"]
[EventDate "2020.05.25"]

1. d4 d6 2. Bf4 Nf6 3. e3 g6 4. Nf3 Bg7 5. h3 O-O 6. Be2 c5 7. O-O Nbd7 8. c3 b6
9. Nbd2 Bb7 10. a4 d5 11. a5 Ne4 12. a6 Bc6 13. Nxe4 dxe4 14. Nd2 e5 15. dxe5
Nxe5 16. Bxe5 Bxe5 17. Qc2 f5 18. Nc4 Bg7 19. Rad1 Qe7 20. Rd6 Bb5 21. Rfd1 Rad8
22. Qb3 Bxc4 23. Qxc4+ Kh8 24. Rxd8 Rxd8 25. Rxd8+ Qxd8 26. Qf7 Qb8 27. Bc4 Be5
28. Kf1 b5 29. Bd5 b4 30. cxb4 cxb4 31. b3 Qc8 32. Bc4 Qd8 33. Ke2 Bc3 34. g3
Qd2+ 35. Kf1 Qd1+ 36. Kg2 Qf3+ 37. Kg1 Qd1+ 38. Kh2 Qd8 39. Qxa7 Be1 40. Qd4+
Qxd4 41. exd4 Bxf2 42. a7 1-0

[Event "Euro Online U2300 Day 1"]
[Site "chess.com INT"]
[Date "2020.05.25"]
[Round "1"]
[White "Mravunac, Damir"]
[Black "Puzyrevsky, Semen"]
[Result "1-0"]
[WhiteElo "2132"]
[BlackElo "1667"]
[WhiteFideId "14502810"]
[BlackFideId "24240931"]
[EventDate "2020.05.25"]

1. f4 g6 2. e4 Bg7 3. Nf3 d6 4. h3 Nf6 5. Nc3 Nh5 6. d3 Ng3 7. Rg1 Nxf1 8. Rxf1
O-O 9. Bd2 Nc6 10. Qe2 e5 11. O-O-O Nd4 12. Qf2 c5 13. g4 Qa5 14. Kb1 Be6 15. f5
Bd7 16. Nd5 Qd8 17. Nxd4 cxd4 18. g5 Re8 19. h4 Bc6 20. fxg6 fxg6 21. Nf6+ Bxf6
22. gxf6 Kf7 23. h5 Rh8 24. Bh6 a5 25. Bg7 Rg8 26. hxg6+ hxg6 27. Rg1 Rxg7 28.
fxg7+ Kxg7 29. Rxg6+ Kxg6 30. Qf5+ Kh6 31. Rh1+ Kg7 32. Rg1+ Kh6 33. Qg6# 1-0

[Event "Euro Online U2300 Day 1"]
[Site "chess.com INT"]
[Date "2020.05.25"]
[Round "1"]
[White "Khalikov, Bulat"]
[Black "Labruyere, Roger"]
[Result "1-0"]
[WhiteElo "2109"]
[BlackElo "2045"]
[WhiteFideId "34147869"]
[BlackFideId "1059505"]
[EventDate "2020.05.25"]

1. e4 c5 2. Nf3 e6 3. d4 cxd4 4. Nxd4 Nf6 5. Nc3 Nc6 6. Ndb5 a6 7. Nd6+ Bxd6 8.
Qxd6 Qe7 9. Bf4 O-O 10. O-O-O Qxd6 11. Bxd6 Rd8 12. a4 Ne8 13. Be2 Nxd6 14. Rxd6
b6 15. Rhd1 Ne7 16. Rxb6 d5 17. exd5 exd5 18. b4 Bf5 19. Bxa6 Nc8 20. Bxc8 Raxc8
21. Rxd5 Rxd5 22. Nxd5 Rxc2+ 23. Kd1 Kf8 24. Rb8+ Rc8 25. Rxc8+ Bxc8 26. Kd2 Bb7
27. Ne3 Ke7 28. Kd3 g6 29. g3 h5 30. Kd4 Kd7 31. Kc5 Kc7 32. h4 Bc6 33. b5 Be8
34. Nd5+ Kb7 35. Nf6 1-0

[Event "Euro Online U2300 Day 1"]
[Site "chess.com INT"]
[Date "2020.05.25"]
[Round "1"]
[White "Caglar, Ahmet Ata"]
[Black "Kastner, Walter"]
[Result "1-0"]
[BlackTitle "FM"]
[WhiteElo "2077"]
[BlackElo "2187"]
[WhiteFideId "6328636"]
[BlackFideId "1602500"]
[EventDate "2020.05.25"]

1. d4 d5 2. Nf3 Nf6 3. Bf4 c5 4. e3 Nc6 5. Nbd2 Bf5 6. dxc5 e6 7. Nb3 Bxc5 8.
Nxc5 Qa5+ 9. c3 Qxc5 10. Be2 O-O 11. O-O a5 12. Ne5 Nxe5 13. Bxe5 Nd7 14. Bg3
Rfc8 15. Qd4 a4 16. a3 b6 17. Rac1 Nf6 18. Be5 Qxd4 19. cxd4 Ne4 20. Rc7 Rxc7
21. Bxc7 Rc8 22. Rc1 h6 23. Ba6 Ra8 24. Bb5 Nd2 25. Bxb6 Rb8 26. Rc6 Nc4 27.
Bxc4 dxc4 28. f3 Bd3 29. Kf2 g5 30. Ke1 Kg7 31. e4 Rb7 32. d5 exd5 33. exd5 Re7+
34. Kd1 Re2 35. d6 Re6 36. d7 Rxc6 37. d8=Q 1-0

[Event "Euro Online U2300 Day 1"]
[Site "chess.com INT"]
[Date "2020.05.25"]
[Round "1"]
[White "Grebnev, Aleksey"]
[Black "Kucera, Jiri"]
[Result "1-0"]
[WhiteElo "2223"]
[BlackElo "2019"]
[WhiteFideId "34189030"]
[BlackFideId "309494"]
[EventDate "2020.05.25"]

1. c4 g6 2. Nc3 Bg7 3. g3 e5 4. Bg2 Ne7 5. e3 Nbc6 6. Nge2 O-O 7. O-O d6 8. Rb1
Bf5 9. d3 a5 10. a3 Qd7 11. Re1 Bh3 12. Bh1 f5 13. b4 axb4 14. axb4 Kh8 15. b5
Na5 16. Bd2 Ra7 17. b6 cxb6 18. Rxb6 Nac6 19. Qb3 Nc8 20. Rb5 g5 21. Rb1 b6 22.
Nd5 Na5 23. Qb2 e4 24. Nd4 exd3 25. Qc3 f4 26. Qxd3 fxg3 27. hxg3 Qf7 28. Be1
Bf5 29. Nxf5 Qxf5 30. Qxf5 Rxf5 31. Nxb6 Nxb6 32. Rxf5 Naxc4 33. Bd5 Ra5 34.
Bxa5 1-0

[Event "Euro Online U2300 Day 1"]
[Site "chess.com INT"]
[Date "2020.05.25"]
[Round "1"]
[White "Paulauskas, Andrius"]
[Black "Alivodic, Dario"]
[Result "0-1"]
[WhiteElo "1904"]
[BlackElo "2055"]
[WhiteFideId "12807346"]
[BlackFideId "16501632"]
[EventDate "2020.05.25"]

1. e4 e6 2. c4 d5 3. cxd5 exd5 4. exd5 Qxd5 5. Nc3 Qd8 6. d4 Nf6 7. Bc4 Be7 8.
Be3 O-O 9. h3 Nbd7 10. Nf3 Nb6 11. Bb3 Bf5 12. Qd2 c6 13. O-O Ne4 14. Nxe4 Bxe4
15. Ne5 Bf6 16. Rfe1 Bd5 17. f4 Bxb3 18. axb3 Nd5 19. Rad1 Qc7 20. Bf2 Rad8 21.
Qc1 Qb6 22. Rd3 Rfe8 23. g4 Be7 24. g5 Bd6 25. Nc4 Qc7 26. Nxd6 Qxd6 27. Re5 f6
28. gxf6 gxf6 29. Rg3+ Kh8 30. Rxe8+ Rxe8 31. Qd1 Nxf4 32. Rg4 Nxh3+ 33. Kg2
Nxf2 34. Kxf2 Qh2+ 35. Rg2 Qf4+ 36. Qf3 Qd2+ 37. Kg3 Rg8+ 38. Kh3 Qxg2+ 39. Qxg2
Rxg2 40. Kxg2 Kg7 41. b4 Kf7 42. Kf3 Ke6 43. Ke4 h5 44. b3 h4 45. b5 cxb5 46.
d5+ Kd6 47. b4 b6 48. Kd4 a5 0-1

[Event "Euro Online U2300 Day 1"]
[Site "chess.com INT"]
[Date "2020.05.25"]
[Round "1"]
[White "Dmitrenko, Viktor"]
[Black "Ragnarsson, Johann"]
[Result "1-0"]
[WhiteTitle "IM"]
[WhiteElo "2456"]
[BlackElo "1956"]
[WhiteFideId "14110270"]
[BlackFideId "2301040"]
[EventDate "2020.05.25"]

1. d4 d5 2. Nf3 c6 3. c4 e6 4. Qc2 Nf6 5. cxd5 exd5 6. Nc3 Bd6 7. Bg5 Nbd7 8. e3
h6 9. Bh4 O-O 10. Bd3 Re8 11. O-O-O b5 12. Kb1 a5 13. Rhg1 Be7 14. Bg3 Nb6 15.
Nxb5 cxb5 16. Bc7 Qd7 17. Bxb6 Ba6 18. Bc5 Rec8 19. Bf5 Qa7 20. Bxc8 Rxc8 21.
Bxa7 1-0

[Event "Euro Online U2300 Day 1"]
[Site "chess.com INT"]
[Date "2020.05.25"]
[Round "1"]
[White "Samadov, Read"]
[Black "Garcia Dorado, Alberto"]
[Result "1-0"]
[WhiteTitle "CM"]
[BlackTitle "CM"]
[WhiteElo "2332"]
[BlackElo "2175"]
[WhiteFideId "13417444"]
[BlackFideId "2252244"]
[EventDate "2020.05.25"]

1. d4 d5 2. c4 e6 3. Nc3 Nf6 4. cxd5 exd5 5. Bg5 Be7 6. e3 c6 7. Bd3 Nbd7 8.
Nge2 Nh5 9. Bxe7 Qxe7 10. Qc2 g6 11. g4 Nhf6 12. h3 Nb6 13. Ng3 h5 14. g5 Nh7
15. h4 Bg4 16. Be2 Bxe2 17. Qxe2 O-O-O 18. O-O-O Nf8 19. Rhe1 Ne6 20. f4 Nc4 21.
f5 Nc7 22. e4 Rhe8 23. e5 Qb4 24. Qc2 Kb8 25. Qb3 Qxb3 26. axb3 Nb6 27. e6 fxe6
28. fxg6 Rh8 29. Nce2 Ne8 30. Nf4 Ng7 31. Nxe6 Nxe6 32. Rxe6 Rdf8 33. g7 1-0

[Event "Euro Online U2300 Day 1"]
[Site "chess.com INT"]
[Date "2020.05.25"]
[Round "1"]
[White "Bulau, Andrei-Cristian"]
[Black "Rama, Lorenc"]
[Result "0-1"]
[BlackTitle "FM"]
[WhiteElo "2199"]
[BlackElo "2212"]
[WhiteFideId "1237691"]
[BlackFideId "4700171"]
[EventDate "2020.05.25"]

1. d4 Nf6 2. c4 e6 3. Nc3 Bb4 4. Qc2 O-O 5. Nf3 d5 6. cxd5 exd5 7. Bf4 c6 8. e3
Ne4 9. Bd3 f5 10. O-O h6 11. a3 Bd6 12. Bxd6 Qxd6 13. Ne5 Nd7 14. Nxd7 Bxd7 15.
f3 Nxc3 16. bxc3 Rae8 17. e4 fxe4 18. fxe4 dxe4 19. Bxe4 Kh8 20. a4 b6 21. Rad1
Rf4 22. Bd3 Ref8 23. Rxf4 Qxf4 24. Qe2 Bg4 25. Rf1 Bxe2 26. Rxf4 Rxf4 27. Bxe2
c5 28. d5 Rf6 29. Bf3 Kg8 30. Kf2 Kf7 31. Ke3 Ke7 32. Kd3 Kd6 33. Kc4 a6 34. h4
Rf4+ 0-1

[Event "Euro Online U2300 Day 1"]
[Site "chess.com INT"]
[Date "2020.05.25"]
[Round "1"]
[White "Ulyankin, Igor"]
[Black "Sustov, Savva"]
[Result "1/2-1/2"]
[WhiteElo "1936"]
[BlackElo "1710"]
[WhiteFideId "24109169"]
[BlackFideId "13908715"]
[EventDate "2020.05.25"]

1. c4 c5 2. Nf3 Nc6 3. g3 g6 4. Bg2 Bg7 5. O-O e6 6. e3 Nge7 7. Nc3 O-O 8. d3 d5
9. cxd5 Nxd5 10. d4 cxd4 11. exd4 Nxc3 12. bxc3 Qd7 13. a4 b6 14. a5 Nxa5 15.
Ne5 Bxe5 16. Bxa8 Bg7 17. Bf3 Bb7 18. Ba3 Rc8 19. Bb4 Bxf3 20. Qxf3 Nc6 21. Ba3
Na5 22. Bb4 Nc6 23. Ba3 Na5 24. Bb4 1/2-1/2

[Event "Euro Online U2300 Day 1"]
[Site "chess.com INT"]
[Date "2020.05.25"]
[Round "1"]
[White "Hoffmann, Hendrik"]
[Black "Riabov, Alexander"]
[Result "1-0"]
[WhiteTitle "FM"]
[WhiteElo "2250"]
[BlackElo "2004"]
[WhiteFideId "4618130"]
[BlackFideId "14906562"]
[EventDate "2020.05.25"]

1. e4 e5 2. Nf3 Nf6 3. Nc3 Bb4 4. Nd5 Nxd5 5. exd5 d6 6. c3 Bc5 7. d4 exd4 8.
Nxd4 O-O 9. Be2 Re8 10. Be3 Qf6 11. O-O Nd7 12. Nb5 Bxe3 13. fxe3 Qd8 14. Rf3
Ne5 15. Rg3 Bf5 16. Qa4 a6 17. Nd4 Bg6 18. Rf1 Qh4 19. Rf4 Qe7 20. h4 Nd3 21.
Bxd3 Bxd3 22. Qd1 Be4 23. Qg4 g6 24. c4 b5 25. Nc6 Qf8 26. Rxe4 1-0

[Event "Euro Online U2300 Day 1"]
[Site "chess.com INT"]
[Date "2020.05.25"]
[Round "1"]
[White "Kilic, Eray"]
[Black "Nikac, Predrag"]
[Result "0-1"]
[BlackTitle "IM"]
[WhiteElo "2094"]
[BlackElo "2313"]
[WhiteFideId "44517173"]
[BlackFideId "908975"]
[EventDate "2020.05.25"]

1. e4 c5 2. Nf3 Nc6 3. Bb5 g6 4. Bxc6 bxc6 5. d3 Bg7 6. O-O Nf6 7. h3 O-O 8. Be3
d6 9. Nbd2 e5 10. Nc4 Nh5 11. Qd2 Be6 12. Bh6 Bxh6 13. Qxh6 f6 14. a3 d5 15.
Ncd2 Rb8 16. Nb3 Qe7 17. Nfd2 Nf4 18. Rab1 f5 19. exf5 Rxf5 20. g4 Rh5 21. gxh5
Qh4 22. Rfe1 Qxh3 23. Qg5 Bg4 24. Qxf4 exf4 25. f3 Qg3+ 26. Kh1 Bxf3+ 27. Nxf3
Qxf3+ 28. Kg1 Qg3+ 29. Kf1 f3 30. Re7 Qg2+ 31. Ke1 f2+ 0-1

[Event "Euro Online U2300 Day 1"]
[Site "chess.com INT"]
[Date "2020.05.25"]
[Round "1"]
[White "Kanyamarala, Trisha"]
[Black "Havelka, Ondrej"]
[Result "1-0"]
[WhiteTitle "WIM"]
[WhiteElo "2193"]
[BlackElo "2140"]
[WhiteFideId "45004722"]
[BlackFideId "349526"]
[EventDate "2020.05.25"]

1. d4 Nf6 2. c4 e6 3. Nc3 Bb4 4. e3 O-O 5. Bd2 c5 6. Nf3 cxd4 7. Nxd4 d5 8. cxd5
Nxd5 9. Be2 Nc6 10. Nxc6 bxc6 11. O-O Nxc3 12. bxc3 Bd6 13. Bf3 Qc7 14. g3 Ba6
15. Re1 Rfd8 16. Qa4 Bb5 17. Qc2 Be5 18. Rad1 Bd3 19. Qa4 Rab8 20. c4 Rdc8 21.
Ba5 Bc2 22. Bxc7 Bxa4 23. Bxe5 Bxd1 24. Rxd1 Rb4 25. Be2 f6 26. Bc3 Rb7 27. c5
Re7 28. Rd6 Kf7 29. Ba6 Rcc7 30. Ba5 Rcd7 31. Rxc6 Rd1+ 32. Kg2 Ra1 33. Bc4 Rc1
34. Bb3 g5 35. Bd8 Re8 36. Ba5 Re7 37. Rc8 Kg6 38. c6 Kf5 39. h3 h5 40. c7 g4
41. Rh8 Rexc7 42. Bxc7 Rxc7 43. Rxh5+ Kg6 44. hxg4 f5 45. Bxe6 fxg4 46. Bxg4 Rc4
47. Kf3 Ra4 48. Rh8 Rxa2 49. Ra8 a5 50. Bd7 Kf6 51. g4 Ke7 52. Bb5 Kf6 53. Kg3
Ra3 54. Kf4 Ra2 55. f3 Ke6 56. g5 Kd6 57. g6 Rg2 58. Kf5 Kc5 59. Be8 Kb6 60. Kf6
a4 61. Rxa4 Kc5 62. Rg4 1-0

[Event "Euro Online U2300 Day 1"]
[Site "chess.com INT"]
[Date "2020.05.25"]
[Round "1"]
[White "Lucchi, Lorenzo"]
[Black "Burdalev, Kirill"]
[Result "0-1"]
[BlackTitle "FM"]
[WhiteElo "2111"]
[BlackElo "2394"]
[WhiteFideId "821160"]
[BlackFideId "14121913"]
[EventDate "2020.05.25"]

1. e4 Nf6 2. e5 Nd5 3. d4 d6 4. Nf3 dxe5 5. Nxe5 c6 6. Bc4 Nd7 7. O-O Nxe5 8.
dxe5 Bf5 9. Bg5 h6 10. Bd2 e6 11. Nc3 Nxc3 12. bxc3 Bc5 13. Rb1 Qc7 14. Bd3 Rd8
15. Qf3 O-O 16. Qg3 Kh8 17. Qh4 Kh7 18. Qh3 Rxd3 19. cxd3 Bxh3 0-1

[Event "Euro Online U2300 Day 1"]
[Site "chess.com INT"]
[Date "2020.05.25"]
[Round "1"]
[White "Ivanovitch, Nicholas Michael"]
[Black "Oleynik, Alexander"]
[Result "1/2-1/2"]
[WhiteTitle "CM"]
[WhiteElo "2201"]
[BlackElo "2249"]
[WhiteFideId "2263041"]
[BlackFideId "14110113"]
[EventDate "2020.05.25"]

1. Nf3 d5 2. g3 c6 3. Bg2 Nf6 4. O-O g6 5. d3 Bg7 6. Re1 O-O 7. Nbd2 Re8 8. e4
dxe4 9. Nxe4 e5 10. Bg5 h6 11. Bxf6 Bxf6 12. Nxf6+ Qxf6 13. Qd2 Kg7 14. Re2 Bg4
15. Re3 Nd7 16. Rae1 a5 17. Qc3 Bxf3 18. Bxf3 h5 19. h4 a4 20. a3 Re7 21. Kg2
Rae8 22. Qb4 b5 23. d4 Nb6 24. Rxe5 Rxe5 25. dxe5 Rxe5 26. Rxe5 Qxe5 27. Bxc6
Nc4 28. Qc3 Qxc3 29. bxc3 Nxa3 30. Kf3 Nxc2 31. Bxb5 a3 32. Bc4 f5 1/2-1/2

[Event "Euro Online U2300 Day 1"]
[Site "chess.com INT"]
[Date "2020.05.25"]
[Round "1"]
[White "Pankratov, Oleg"]
[Black "Berke, Ana"]
[Result "1-0"]
[BlackTitle "WIM"]
[WhiteElo "2104"]
[BlackElo "2090"]
[WhiteFideId "24115290"]
[BlackFideId "14510359"]
[EventDate "2020.05.25"]

1. d4 Nf6 2. c4 e6 3. Nc3 Bb4 4. Qc2 O-O 5. a3 Bxc3+ 6. Qxc3 d5 7. Bg5 h6 8. Bh4
dxc4 9. Qxc4 b6 10. Nf3 Ba6 11. Qa4 b5 12. Qd1 Nbd7 13. Rc1 Rc8 14. b4 Bb7 15.
e3 a6 16. Bd3 Nb6 17. O-O Nbd5 18. Ne5 g5 19. Bg3 Kg7 20. Nc6 Qe8 21. Na5 Ba8
22. Bb1 Nd7 23. e4 Nf4 24. Bxf4 gxf4 25. Qg4+ Kh8 26. Qxf4 Kg7 27. Rc3 f5 28.
Rg3+ Kh7 29. exf5 exf5 30. Bxf5+ Rxf5 31. Qxf5+ Kh8 32. Re3 Qg8 33. Rg3 Qe8 34.
Rg6 Qe4 35. Rxh6+ Kg8 36. Qxe4 Bxe4 37. Re1 Bf5 38. Nc6 Kg7 39. Rh4 Kf6 40. Rf4
Rg8 41. Rxf5+ 1-0